Homicide Rate by Continent Quiz Stats

 Plays Quiz not verified by Sporcle

Support Sporcle.
Go Orange.
Score 0/30 Timer 04:00
0 Plays Today
Continent Country % Correct
EuropeRussia
90%
AsiaRussia
90%
South AmericaBrazil
82.8%
South AmericaColombia
81.4%
South AmericaVenezuela
73.7%
North AmericaHonduras
68.5%
EuropeUkraine
68.4%
North AmericaEl Salvador
64.6%
South AmericaEcuador
64.2%
North AmericaJamaica
63.4%
North AmericaGuatemala
61.7%
AsiaIraq
61.6%
EuropeBelarus
60.4%
South AmericaGuyana
59.6%
AfricaSomalia
53.6%
Continent Country % Correct
AfricaSudan
51.6%
OceaniaPapua New Guinea
50.5%
AfricaDemocratic Republic of the Congo
47.7%
OceaniaNauru
42.6%
OceaniaTuvalu
41.8%
OceaniaKiribati
40.6%
EuropeLithuania
39.2%
OceaniaMarshall Islands
38.8%
AsiaMyanmar
34%
North AmericaThe Bahamas
32.2%
AsiaPhilippines
28.4%
AfricaCote d'Ivoire
27.7%
EuropeMacedonia
25.4%
AfricaLiberia
25.3%
AsiaNepal
22.4%

You're not logged in!

Compare scores with friends on all Sporcle quizzes.
OR
Log In

From the Vault

Disney Characters Minefield

by OneoftheBhoys

Even if you don't know who each character is, you may be able to tell by animation style alone.
Remove Ads.
Support Sporcle.
Get the best of Sporcle when you Go Orange. This ad-free experience offers more features, more stats, and more fun while also helping to support Sporcle. Thank you for becoming a member.

Show Comments

Extras

Top Quizzes Today


Score Distribution

Your Account Isn't Verified!

In order to create a playlist on Sporcle, you need to verify the email address you used during registration. Go to your Sporcle Settings to finish the process.

Report this User

Report this user for behavior that violates our Community Guidelines.

Details: